00282nam a2200109Ia 4500003000400000008004100004040001600045082001700061245003400078260005500112490000500167GCL140319s9999 xx 000 0 ara d aGCL / cGCL04a641.1bم غ10aالغذاء والتغذية a[S.N] : bدار الفكر العربى ، c1983 a